| 000 | 01230nam a22003497a 4500 | ||
|---|---|---|---|
| 003 | CHAP | ||
| 005 | 20220817044517.0 | ||
| 008 | 120307s2009 it r 00010 eng d | ||
| 010 | _a102915 | ||
| 011 | _a103887 | ||
| 020 | _a9789250061900 | ||
| 035 | _a114576 | ||
| 040 | _cCHAP | ||
| 082 | 0 | 4 |
_a639.2 _bF46t |
| 110 | 2 | _aFAO | |
| 245 | 1 | 0 | _aInforme de la consulta técnica sobre las directrices internacionales para la ordenación de las pesquerías de aguas profundas en alta mar / por FAO |
| 260 |
_aRoma : _bFAO, _cc2009 |
||
| 300 |
_aviii, 86 p. : _btablas |
||
| 490 | 0 |
_aFAO. Informe de pesca y acuicultura _v; 881 |
|
| 500 | _aEdición trilingüe (ingles, frances, español) | ||
| 500 | _aRome, 4-8 February and 25-29 August 2008 | ||
| 590 |
_aBATCH-UPD _b10 _c20130110 _lUCH01 _h1715 |
||
| 590 |
_aBATCH-UPD _b10 _c20130410 _lUCH01 _h0654 |
||
| 590 |
_aBATCH-UPD _b10 _c20130914 _lUCH01 _h1350 |
||
| 590 |
_aCONVERSION _b10 _c20130109 _lUCH01 _h1357 |
||
| 650 | 1 | 4 |
_aPesca marina. _987438 |
| 650 | 1 | 4 |
_aPesquería. _987496 |
| 830 | 1 | 0 |
_aFAO. Informe de pesca y acuicultura _v; 881 _939588 |
| 901 | _aBK | ||
| 942 | _cLIBRO | ||
| 949 |
_a639.2 F46t v.881 _bBC _cFAO _d33724002097926 _eFAO1 _gDonaciØn _h118139 _i114576 _sb |
||
| 999 |
_c102915 _d102915 |
||